Prayer In C - Lilly Wood & The Prick Feat. Robin Schulz - All Lyrics - Statistics

General Stats
  • This quiz has been taken 43 times
  • The average score is 225 of 290
Answer Stats
Answer % Correct
a
100%
I
100%
Don’t
97%
you
97%
You
97%
think
94%
never
90%
no
90%
the
90%
and
84%
And
84%
me
84%
said
84%
See
84%
see
84%
word
84%
be
81%
could
81%
dying
81%
forgive
81%
Hey,
81%
is
81%
didn't
77%
more
77%
send
77%
time
77%
will
77%
Yeah,
77%
Yeah
77%
are
74%
believe
74%
I’m
74%
slowly
74%
wasting
74%
world
74%
children
71%
not
71%
our
71%
letter
61%
they
61%
starving
58%
destroyed
55%
get
55%
can
52%
houses
52%
were
52%
when
52%
over
48%
grey
45%
hair
45%
hands
45%
life
45%
their
45%
wrinkled
45%
wrinkled
42%
just
39%
silence
39%
men
32%
seas
32%
cover
16%
there'll
16%
lands
6%
No matching quizzes found
Score Distribution
Percent of People with Each Score
Percentile by Number Answered
Your Score History
You have not taken this quiz